000
00321nam a22001457a 4500
003
OSt
005
20211228084044.0
008
211228b |||||||| |||| 00| 0 eng d
020
_a
013034074
040
_c
HU
082
_a
004
100
_a
Bryant E. Randal
_9
25591
245
_a
Computer Systems
942
_2
ddc
_c
BOOKS
_n
0
999
_c
24485
_d
24485